Jakou funkci má ve společnosti sociální reklama?

Vymedzenie pojmu sociálna reklama v marketingovej literatúre. Sociálny marketing ako širší pojem sociálnej reklamy. História sociálnej reklamy v Česku. História sociálnej reklamy v USA. Subjekty sociálnej reklamy. Rozdiely sociálnej a komerčnej reklamy. Neziskové organizácie v sociálnej reklame. Výz...

Descripción completa

Guardado en:
Detalles Bibliográficos
Autor principal: Dušková, Dagmar
Otros Autores: Zamazalová, Marcela
Formato: Capítulo de libro
Lenguaje:checo
Materias:
Etiquetas: Agregar Etiqueta
Sin Etiquetas, Sea el primero en etiquetar este registro!

MARC

LEADER 00000naa$a2200000$$$4500
001 0054696
005 20231116103733.0
041 0 |a cze 
044 |a CZ 
245 1 0 |a Jakou funkci má ve společnosti sociální reklama?  |c Dagmar Dušková, Marcela Zamazalová 
520 |a Vymedzenie pojmu sociálna reklama v marketingovej literatúre. Sociálny marketing ako širší pojem sociálnej reklamy. História sociálnej reklamy v Česku. História sociálnej reklamy v USA. Subjekty sociálnej reklamy. Rozdiely sociálnej a komerčnej reklamy. Neziskové organizácie v sociálnej reklame. Významné sociálne kampane v Českej republike. 
610 2 0 |a Česko 
610 2 0 |a USA 
610 2 0 |a organizácie neziskové 
610 2 0 |a história 
610 2 0 |a pojmy 
610 2 0 |a marketing sociálny 
610 2 0 |a kampane reklamné 
610 2 0 |a reklama 
100 1 |a Dušková, Dagmar 
700 1 |a Zamazalová, Marcela